000 00781nam a2200181 a 4500
001 000036295
005 20200930075643.0
008 120112s1991 fr a 100 0 spa d
040 _aDO-SdBNP
_bspa
_cBNPHU
111 0 _aCongreso Iberoamericano de Educación Matemática
_n(1 :
_d1990 :
_cSevilla)
_962425
245 1 0 _aMemorias del Primer Congreso Iberoamericano de Educación Matemática :
_b[actas].
246 1 3 _a1er. Congreso Iberoamericano de Educación Matemática
260 _aParís :
_bUNESCO,
_c1991.
300 _a301 p. :
_bil. ;
_c30 cm.
490 0 _aEnseñanza científica y tecnológica. Colección de documentos ;
_v42
500 _aCongreso celebrado en Sevilla, 24 al 29 de septiembre 1990
650 2 4 _aEducación matemática
_xCongresos, conferencias, etc.
_962426
999 _c35786
_d35786